书目信息 |
| 题名: |
对阵沃尔玛
|
|
| 作者: | 斯通, 著 ;中国连锁经营协会 译 | |
| 分册: | ||
| 出版信息: | 北京 机械工业出版社 2004.12 |
|
| 页数: | 273页 | |
| 开本: | 19cm | |
| 丛书名: | ||
| 单 册: | ||
| 中图分类: | F737.124.2 | |
| 科图分类: | ||
| 主题词: | 零售商业--连锁商店--商业经营--经验--美国 | |
| 电子资源: | ||
| ISBN: | 7-111-15498-3 | |
| 000 | 01241nam0 2200277 45 | |
| 001 | 192004004374 | |
| 005 | 20070913093954.26 | |
| 010 | @a7-111-15498-3@dCNY25.00 | |
| 100 | @a20070604d2004 em y0chiy0121 ea | |
| 101 | 1 | @achi@ceng |
| 102 | @aCN@b110000 | |
| 105 | @aa z 000yy | |
| 200 | 1 | @a对阵沃尔玛@Adui zhen wo er ma@f(美) 肯尼·斯通著@d= Competing with the retail giants@eHow to survive in the new retail landscape@fKenneth E. Stone@g中国连锁经营协会现代零售技术研究中心译@zeng |
| 210 | @a北京@c机械工业出版社@d2004.12 | |
| 215 | @a273页@c图@d19cm | |
| 300 | @a并列题名:Competing with the retail giants | |
| 306 | @aJohn Wiley & Sons公司授权出版 | |
| 330 | @a本书分为“评估竞争形势”和“如何竞争”两大部分。分别阐述了快速变化的零售环境、低价位大型零售商带来的冲击、改善商品经营方式等10章内容。 | |
| 333 | @a适合与大众读者阅读 | |
| 510 | 1 | @aCompeting with the retail giants@eHow to survive in the new retail landscape@zeng |
| 606 | 0 | @a零售商业@x连锁商店@x商业经营@x经验@y美国 |
| 690 | @aF737.124.2@v4 | |
| 701 | 1 | @a斯通,@Asi tong@bK. E.@g(Stone, Kenneth E.)@4著 |
| 712 | 02 | @a中国连锁经营协会@Azhong guo lian suo jing ying xie hui@b现代零售技术研究中心@4译 |
| 801 | 0 | @aCN@c20070913 |
| 905 | @dF737.124.2@eS7092 | |
| 对阵沃尔玛/(美) 肯尼·斯通著= Competing with the retail giants:How to survive in the new retail landscape/Kenneth E. Stone/中国连锁经营协会现代零售技术研究中心译.-北京:机械工业出版社,2004.12 |
| 273页:图;19cm |
| 并列题名:Competing with the retail giants.-使用对象:适合与大众读者阅读 |
| ISBN 7-111-15498-3:CNY25.00 |
| 本书分为“评估竞争形势”和“如何竞争”两大部分。分别阐述了快速变化的零售环境、低价位大型零售商带来的冲击、改善商品经营方式等10章内容。 |
| ● |
| 相关链接 |
|
|
|
正题名:对阵沃尔玛
索取号:F737.124.2/S7092
 
预约/预借
| 序号 | 登录号 | 条形码 | 馆藏地/架位号 | 状态 | 备注 |
| 1 | 617109 | 206171097 | 社科库409/409社科库 47排6列3层/ [索取号:F737.124.2/S7092] | 在馆 | |
| 2 | 617110 | 206171104 | 社科库409/409社科库 47排6列3层/ [索取号:F737.124.2/S7092] | 在馆 | |
| 3 | 617111 | 206171113 | 社科库409/409社科库 47排6列3层/ [索取号:F737.124.2/S7092] | 在馆 |